000 02489cam a22004214a 4500
001 16135142
003 OSt
005 20150408114023.0
008 100310s2011 njuaf b 001 0 eng
010 _a 2010008431
015 _aGBB098463
_2bnb
016 7 _a101526201
_2DNLM
016 7 _a015629718
_2Uk
020 _a9780470624586 (cloth)
020 _a0470624582 (cloth)
035 _a(OCoLC)ocn502035381
040 _aDNLM/DLC
_cDLC
_dYDX
_dBTCTA
_dNLM
_dUKM
_dYDXCP
_dCDX
_dDLC
042 _apcc
050 0 0 _aRC78.7.D53
_bH35 2011
060 0 0 _a2011 F-021
060 1 0 _aWB 141
_bH1495a 2011
082 0 0 _a616.0754
_222
100 1 _aHaidekker, Mark A.,
_d1963-
_913222
245 1 0 _aAdvanced biomedical image analysis /
_cMark A. Haidekker.
260 _aHoboken, N.J. :
_bJohn Wiley & Sons,
_cc2011.
300 _axi, 512 p., [16] p. of plates :
_bill. (some col.) ;
_c25 cm. +
_e1 DVD (4 3/4 in.)
504 _aIncludes bibliographical references and index.
505 8 _a(Publisher-supplied data) CHAPTER 1: Image Analysis - A Perspective -- CHAPTER 2: Survey of Fundamental Image Processing Operators -- CHAPTER 3: Image Processing in the Frequency Domain -- CHAPTER 4: Wavelet-Based Filtering -- CHAPTER 5: Adaptive Filtering -- CHAPTER 6: Deformable Models and Active Contours -- CHAPTER 7: The Hough Transform -- CHAPTER 8: Texture Analysis -- CHAPTER 9: Shape Analysis -- CHAPTER 10: Fractal approaches to image analysis -- CHAPTER 11: Image Registration -- CHAPTER 12: Image storage, transport, and compression -- CHAPTER 13: Image Visualization -- CHAPTER 14: Image Analysis and Visualization Software.
520 _a"This book covers the four major areas of image processing: Image enhancement and restoration, image segmentation, image quantification and classification, and image visualization. Image registration, storage, and compression are also covered. The text focuses on recently developed image processing and analysis operators and covers topical research"--Provided by publisher.
650 0 _aDiagnostic imaging
_xDigital techniques.
_912841
650 0 _aImage processing
_xDigital techniques.
_94987
650 1 2 _aImage Interpretation, Computer-Assisted
_xmethods.
_913223
650 2 2 _aDiagnostic Imaging
_xmethods.
_911183
650 2 2 _aImage Processing, Computer-Assisted
_xmethods.
_913224
650 2 2 _aTechnology, Radiologic
_xmethods.
_913225
942 _2ddc
_cBOOK
999 _c22152
_d256652